| Tag |
First Indicator |
Second Indicator |
Subfields |
| LEADER |
00000cam a2200000 a 4500 |
| 001 |
in00001069803 |
| 005 |
20150929101613.0 |
| 008 |
920427s1991 ncua b 001 0 eng d |
| 020 |
|
|
|a 1555444652
|
| 035 |
|
|
|a (OCoLC)25721220
|
| 035 |
|
|
|9 AFP2107AM
|
| 040 |
|
|
|a NRC
|c NRC
|d TXA
|d UtOrBLW
|
| 049 |
|
|
|a TXAM
|
| 090 |
|
|
|a QA276.4.A1
|b S37 P-221
|
| 245 |
0 |
0 |
|a SAS/ACCESS software :
|b changes and enhancements, release 6.07 /
|c SAS Institute Inc.
|
| 264 |
|
1 |
|a Cary, NC :
|b SAS Institute,
|c 1991.
|
| 300 |
|
|
|a 122 pages :
|b illustrations ;
|c 28 cm.
|
| 336 |
|
|
|a text
|b txt
|2 rdacontent
|
| 337 |
|
|
|a unmediated
|b n
|2 rdamedia
|
| 338 |
|
|
|a volume
|b nc
|2 rdacarrier
|
| 490 |
1 |
|
|a SAS technical report ;
|v P-221
|
| 504 |
|
|
|a Includes bibliographical references and index.
|
| 630 |
0 |
0 |
|a SAS (Computer file)
|
| 650 |
|
0 |
|a Computer interfaces.
|
| 710 |
2 |
|
|a SAS Institute.
|
| 830 |
|
0 |
|a SAS technical report ;
|v P-221.
|
| 999 |
|
|
|a MARS
|
| 999 |
f |
f |
|s 42c8355d-2da6-3b38-aa49-c80a01f1c025
|i 6de288b5-73c2-3397-a3f7-2c17bd2d0bf1
|t 0
|
| 952 |
f |
f |
|p ric
|a Texas A&M University
|b Rellis Campus
|c Joint Library Facility
|d Remote Storage
|t 0
|e QA276.4.A1 S37 P-221
|h Library of Congress classification
|i unmediated -- volume
|m A14815988503
|
| 998 |
f |
f |
|a QA276.4.A1 S37 P-221
|t 0
|l Remote Storage
|